000 00799cam a22002291 4500
001 000013454
005 20200929163232.0
008 750505s1964 xx 000 0 eng
010 _a63018185
040 _aDO-SdBNP
_bspa
_cBNPHU
041 1 7 _aspa
_heng
050 0 0 _aF1414
_bP43
100 1 _aPflaum, Irving P.
_q(Irving Peter),
_d1906-
_930727
245 1 0 _aArena of decision :
_bLatin America in crisis /.
260 _aEnglewood Cliffs, N.J., :
_bPrentice-Hall,
_c[1964].
300 _axvii, 334 p. ;
_c24 cm.
504 _aBibliographical references included in "Notes" (p. 299-325)
651 0 _aLatin America
_xPolitics And Government
_y1948-
_930728
651 0 _aUnited States
_xForeign Relations
_zLatin America.
_925552
650 0 _aCommunism
_zLatin America.
_930729
082 _a327.7308
999 _c13080
_d13080